Statistiques concernant Le seul film que ces deux acteurs ont fait ensemble

Cliquez ici pour prendre le quiz!

Statistiques générales

  • Ce quiz a été pris 213 fois
  • Le résultat moyen est 10 sur 20

Statistiques - réponses

Réponse% Correct
Omar SyFrançois CluzetIntouchables
95%
Alain ChabatMonica BellucciAstérix et Obélix : Mission Cléopâtre
84%
LouaneFrançois DamiensLa famille Bélier
80%
Léa SeydouxAdèle ExarchopoulosLa vie d'Adèle
73%
Leonardo DiCaprioMarion CotillardInception
67%
Joachin PhoenixRobert De NiroJoker
61%
Pierre NineyJean DujardinOSS 117 : Alerte rouge en Afrique noire
60%
EminemKim Bassinger8 Mile
57%
Anthony HopkinsJodie FosterLe silence des agneaux
57%
Scarlett JohanssonMorgan FreemanLucy
44%
Jesse EisenbergAndrew GarfieldThe Social Network
39%
Joe PesciRay LiottaLes Affranchis
31%
Ben StillerCameron DiazMary à tout prix
31%
François CivilGilles LelloucheBac Nord
30%
Harrison FordRyan GoslingBlade Runner 2049
29%
Brad PittJared LetoFight Club
29%
Melanie LaurentChristoph WaltzInglourious Basterds
29%
Robert Downey Jr.Jake GyllenhaalZodiac
24%
Josh BrolinBrie LarsonAvengers Endgame
21%
Edward NortonMichael KeatonBirdman
15%

Distribution des résultats

Percentile par nombre de réponses

% des personnes avec chaque résultat

Votre développement - résultats

Vous n’avez pas pris ce quiz